| 000 | 00798cam a22002654a 4500 | ||
|---|---|---|---|
| 003 | UPN | ||
| 005 | 20240910063909.0 | ||
| 008 | 090218s2008 mx r 000 1 spa d | ||
| 020 | _a9789705803079 | ||
| 035 | _aUPN01000169531 | ||
| 040 |
_aUPN _bspa _cUPN |
||
| 049 | _aCG | ||
| 050 | 4 |
_aPT2668 A7.7 _bA4.4 |
|
| 100 | 1 |
_aHärtling, Peter, _d1933-2017 _943589 |
|
| 245 | 1 | 0 |
_aAlgo pasa en la librería / _cPeter Härtling ; traducción Rosa Pilar Blanco. |
| 260 |
_aMéxico : _bAlfaguara, _c2008. |
||
| 300 | _a140 p. | ||
| 490 | 0 | _aAlfaguara juvenil | |
| 534 |
_pTítulo original: _tJette |
||
| 650 | 4 |
_aLiteratura juvenil alemana _912357 |
|
| 650 | 0 |
_aLibros _vLiteratura juvenil _97087 |
|
| 700 | 1 |
_aBlanco, Rosa Pilar, _d1952- _etraductora _944237 |
|
| 905 | _aLibro | ||
| 942 |
_2lcc _cLIBRO |
||
| 999 |
_c141637 _d141637 |
||